000 00636cam a2200205 4500500
005 20260405003446.0
041 _afre
042 _adc
100 1 0 _aN’Diaye, Aïda
_eauthor
245 0 0 _aL’Intérêt au désintéressement. Cours au Collège de France (1987-1989)
260 _c2022.
500 _a60
690 _aAutonomie
690 _aBourdieu
690 _aintérêt
690 _aSociologie
690 _aUniversel
786 0 _nPhilosophie magazine | 156 | 2 | 2022-02-01 | p. 70-71 | 1951-1787
856 4 1 _uhttps://shs.cairn.info/magazine-philosophie-magazine-2022-2-page-70?lang=fr&redirect-ssocas=7080
999 _c2067731
_d2067731